| 000 | 00490nam a22001817a 4500 | ||
|---|---|---|---|
| 005 | 20260414115822.0 | ||
| 008 | 260414b |||||||| |||| 00| 0 eng d | ||
| 020 | _a9789350902981 | ||
| 050 |
_aRC 740 .B53 2015 _bC.1 |
||
| 100 | _aBLASI FRANCESCO | ||
| 245 | _aTEXTBOOK OF RESPIRATORY AND CRITICAL CARE INFECTIONS | ||
| 250 | _a1ST | ||
| 260 |
_aLNEW DELHI _bJAYPEE BROTHERS _c2015 |
||
| 300 | _a432P | ||
| 500 | _aINCLUDES INDEX | ||
| 700 | _aDIMOPOULOS GEORGE | ||
| 942 |
_2lcc _cBK |
||
| 999 |
_c216948 _d216948 |
||